MCU Characters 2023 - Statistics

General Stats
  • This quiz has been taken 21 times
  • The average score is 51 of 87
Answer Stats
Character % Correct
Captain America
100%
Black Widow
94%
Gamora
94%
Groot
94%
Hulk
94%
Iron Man
94%
Spider-Man
94%
Star Lord
94%
Thor
94%
Hawkeye
89%
Rocket Raccoon
89%
Thanos
89%
Captain Marvel
83%
Drax
83%
Loki
83%
Quicksilver
83%
Scarlet Witch
83%
Wasp
83%
Ant-Man
78%
Black Panther
78%
Hank Pym
78%
Jane Foster
78%
Mantis
78%
Odin
78%
Pepper Potts
78%
Vision
78%
War Machine
78%
Doctor Strange
72%
Falcon
72%
Nick Fury
72%
Sif
72%
Ultron
72%
Wong
72%
Electro
67%
Heimdall
67%
Hela
67%
Red Skull
67%
The Ancient One
67%
The Collector
67%
Whiplash
67%
Lizard
61%
Obadiah Stane
61%
Peggy Carter
61%
Shuri
61%
Yellowjacket
61%
Yondu
61%
Daredevil
56%
Doctor Octopus
56%
Ego
56%
Green Goblin
56%
Maria Hill
56%
Ned Leeds
56%
Winter Soldier
56%
Ghost
50%
Mysterio
50%
Okoye
50%
Vulture
50%
Aunt May
44%
Erik Selvig
44%
Fandral
44%
Malekith
44%
Mr. Fantastic
44%
Shang-Chi
44%
The Grandmaster
44%
Crossbones
39%
Dormammu
39%
Hogun
39%
Howard Stark
39%
Kaecilius
39%
Mandarin
39%
Namor
39%
Phil Coulson
39%
Volstagg
39%
Justin Hammer
33%
M'Baku
33%
Moon Knight
33%
Professor X
33%
Black Bolt
28%
Arnim Zola
22%
Howard the Duck
22%
Blade
17%
Ho Yinsen
17%
Nakia
17%
J. Jonah Jameson
11%
Abombination
0%
Akexander Pierce
0%
Kevin Bacon
0%
No matching quizzes found
Score Distribution
Percent of People with Each Score
Percentile by Number Answered
Your Score History
You have not taken this quiz